MARC details
| 000 -LEADER |
| fixed length control field |
01954cam a22003494a 4500 |
| 001 - CONTROL NUMBER |
| control field |
12865984 |
| 005 - DATE AND TIME OF LATEST TRANSACTION |
| control field |
20160910091455.0 |
| 008 - FIXED-LENGTH DATA ELEMENTS--GENERAL INFORMATION |
| fixed length control field |
020723s2003 enk b 001 0 eng |
| 010 ## - LIBRARY OF CONGRESS CONTROL NUMBER |
| LC control number |
2002011675 |
| 020 ## - INTERNATIONAL STANDARD BOOK NUMBER |
| International Standard Book Number |
0415184886 (hardcover) |
| 020 ## - INTERNATIONAL STANDARD BOOK NUMBER |
| International Standard Book Number |
0415184894 (pbk.) |
| 040 ## - CATALOGING SOURCE |
| Original cataloging agency |
DLC |
| Transcribing agency |
DLC |
| Modifying agency |
DLC |
| 042 ## - AUTHENTICATION CODE |
| Authentication code |
pcc |
| 043 ## - GEOGRAPHIC AREA CODE |
| Geographic area code |
ae----- |
| -- |
as----- |
| 050 00 - LIBRARY OF CONGRESS CALL NUMBER |
| Classification number |
JQ1499.A792 |
| Item number |
P539 2003 |
| 082 00 - DEWEY DECIMAL CLASSIFICATION NUMBER |
| Classification number |
DC 320.95 |
| Edition number |
2003 |
| Item number |
Z1p |
| 100 1# - MAIN ENTRY--PERSONAL NAME |
| Personal name |
Zhang, Yumei, |
| Dates associated with a name |
1964- |
| 245 10 - TITLE STATEMENT |
| Title |
Pacific Asia : |
| Remainder of title |
the politics of development / |
| Statement of responsibility, etc. |
Yumei Zhang. |
| 260 ## - PUBLICATION, DISTRIBUTION, ETC. (IMPRINT) |
| Place of publication, distribution, etc. |
London ; New York : |
| Name of publisher, distributor, etc. |
Routledge, |
| Date of publication, distribution, etc. |
2003. |
| 300 ## - PHYSICAL DESCRIPTION |
| Extent |
viii, 192 pages ; |
| Dimensions |
23 cm. |
| 440 #4 - SERIES STATEMENT/ADDED ENTRY--TITLE |
| Title |
The making of the contemporary world |
| 504 ## - BIBLIOGRAPHY, ETC. NOTE |
| Bibliography, etc |
Includes bibliographical references (p. [166]-184) and index. |
| 505 0# - FORMATTED CONTENTS NOTE |
| Formatted contents note |
Development theories -- Development in Pacific Asia -- The political economy of 'Confucian' capitalisms -- The political economy of 'ersatz capitalism' in Southeast Asia -- Political development in Japan : a model of 'illiberal democracy'? -- Political development in Taiwan, South Korea and Thailand : the triumph of democratisation -- Political development in Malaysia, Singapore, and Indonesia : democratisation blocked -- 'Welfare orientalism' and social development in Pacific Asia -- The changing context of development : democratisation, globalisation and the 1997 crisis -- The rise of regionalism in Pacific Asia : contested visions, changing realities. |
| 651 #0 - SUBJECT ADDED ENTRY--GEOGRAPHIC NAME |
| Geographic name |
East Asia |
| General subdivision |
Politics and government. |
| 651 #0 - SUBJECT ADDED ENTRY--GEOGRAPHIC NAME |
| Geographic name |
East Asia |
| General subdivision |
Economic policy. |
| 651 #0 - SUBJECT ADDED ENTRY--GEOGRAPHIC NAME |
| Geographic name |
Southeast Asia |
| General subdivision |
Politics and government |
| Chronological subdivision |
1945- |
| 651 #0 - SUBJECT ADDED ENTRY--GEOGRAPHIC NAME |
| Geographic name |
Southeast Asia |
| General subdivision |
Economic policy. |
| 856 42 - ELECTRONIC LOCATION AND ACCESS |
| Materials specified |
Publisher description |
| Uniform Resource Identifier |
<a href="http://www.loc.gov/catdir/enhancements/fy0649/2002011675-d.html">http://www.loc.gov/catdir/enhancements/fy0649/2002011675-d.html</a> |
| 906 ## - LOCAL DATA ELEMENT F, LDF (RLIN) |
| a |
7 |
| b |
cbc |
| c |
orignew |
| d |
1 |
| e |
ecip |
| f |
20 |
| g |
y-gencatlg |
| 942 ## - ADDED ENTRY ELEMENTS (KOHA) |
| Source of classification or shelving scheme |
Dewey Decimal Classification |
| Koha item type |
Circulation |